00392nam a2200169Ia 4500003000400000005001700004008004100021020001900062040000700081041000800088100001500096245005300111260001700164300001000181650001200191700001900203OSt20260131094535.0250729s1959 xx 000 0 und d a978-0198611318 cAL aeng aFowler F W aThe concise oxford dictionary of current english aLondonc1959 a1548p aEnglish aFoo Digumurthi